Etiqueta de registo: 00254nam 2200025 450
001 2275834
003 http://id.bnportugal.gov.pt/bib/catbnp/2275834
010 ## $a978-989-735-636-0
021 ## $aPT$b555441/25
100 ## $a20260304d2025 m y0pory01030103ba
101 0# $apor
102 ## $aPT
105 ## $aa z 000fy
106 ## $ar
200 1# $aAmor em chávena fria$ehistórias do melancómico$fNuno Costa Santos$gil. Uliarud Uliarud
210 #9 $aPonta Delgada$cLetras Lavadas,$d2025
215 ## $a175 p.$cil.$d20 cm
675 ## $a821.134.3-34"20"$vBN$zpor$31018838
700 #1 $aSantos,$bNuno Costa,$f1974-$31258516
702 #0 $aUliarud Uliarud$4440$31995760
801 #0 $aPT$bBN$gRPC
856 41 $uhttp://rnod.bnportugal.gov.pt/ImagesBN/winlibimg.aspx?skey=&doc=2275834&img=221080&save=true
900 ## $aBIBNAC$d20260415
966 ## $lBN$mFGMON$sL. 123771 P.$x1
966 ## $lBN$mFGMON$sL. 123771 P.-D$x1
971 ## $cabrito$d20260304
972 ## $e0$z0$d20260415$vasantos
973 ## $caalmeid$d20260407